Chmistry and Biology of Nucleic Acids (Record no. 2084)
[ view plain ]
| 000 -LEADER | |
|---|---|
| fixed length control field | 00338nam a22001217a 4500 |
| 008 - FIXED-LENGTH DATA ELEMENTS--GENERAL INFORMATION | |
| fixed length control field | 250304b |||||||| |||| 00| 0 eng d |
| 020 ## - INTERNATIONAL STANDARD BOOK NUMBER | |
| ISBN | 9783906390673 |
| 100 ## - MAIN ENTRY--AUTHOR | |
| Author | Egli Martin |
| 245 ## - TITLE STATEMENT | |
| Title | Chmistry and Biology of Nucleic Acids |
| 260 ## - PUBLICATION, DISTRIBUTION, ETC. (IMPRINT) | |
| Place of publication | Switzerland |
| Name of publisher | Verlag Helvetica Chemical Acta,Zurich.[VCHA] |
| Date of publication | 2012 |
| 300 ## - COLLATION | |
| Pagination | 2012 |
| 942 ## - ADDED ENTRY ELEMENTS (KOHA) | |
| Item type | Books |
| Source of classification or shelving scheme | Not for loan | Permanent location | Current location | Date acquired | Accession No. | Full call number | Barcode. | Koha item type |
|---|---|---|---|---|---|---|---|---|
| Dewey Decimal Classification | Samuel Ogbemudia Main Library, University of Abuja | Samuel Ogbemudia Main Library, University of Abuja | 03/04/2025 | 2024/64182-83 | QP620.C44 | 2025-0258 | Books | |
| Dewey Decimal Classification | Samuel Ogbemudia Main Library, University of Abuja | Samuel Ogbemudia Main Library, University of Abuja | 03/04/2025 | 2024/64182-83 | QP620.C44 | 2025-0259 | Books |